000 00453nam a2200181Ia 4500
005 20250603145524.0
008 250603s9999 xx 000 0 und d
020 _a9789789716913
050 _aQP 44 .P49/
100 _aEdited by Senel Dane and Menizibeya O. Welcome
245 0 _aPhysiology: practical manual for medical students
250 _a2nd ed.
260 _aAbuja
260 _c2018
300 _a97 p
650 _aAbuja
942 _cBK
999 _c42105
_d42105